Jak sa upřesňuje zákon o veřejných zakázkách
Príprava novely o verejnom obstarávaní na základe iniciatívy Európskej komisie. Stručný výklad obsahu českej legislatívy.
Guardado en:
| Autor principal: | |
|---|---|
| Formato: | Capítulo de libro |
| Lenguaje: | checo |
| Materias: | |
| Etiquetas: |
Sin Etiquetas, Sea el primero en etiquetar este registro!
|
MARC
| LEADER | 00000naa a2200000 4500 | ||
|---|---|---|---|
| 001 | 0270697 | ||
| 005 | 20240417072955.7 | ||
| 041 | 0 | |a cze | |
| 044 | |a CZ | ||
| 245 | 1 | 0 | |a Jak sa upřesňuje zákon o veřejných zakázkách |c Karel Marek |
| 520 | |a Príprava novely o verejnom obstarávaní na základe iniciatívy Európskej komisie. Stručný výklad obsahu českej legislatívy. | ||
| 610 | 2 | 0 | |a obstarávanie verejné |
| 610 | 2 | 0 | |a právo občianske |
| 610 | 2 | 0 | |a právo obchodné |
| 610 | 2 | 0 | |a zmluvy |
| 610 | 2 | 0 | |a novelizácia |
| 610 | 2 | 0 | |a legislatíva |
| 100 | 1 | |a Marek, Karel | |